The Godfather Characters - Statistics

General Stats
  • This quiz has been taken 96 times
  • The average score is 10 of 18
Answer Stats
Hint Character % Correct
First Godfather Vito Corleone
99%
Protagonist Michael Corleone
95%
Oldest Son of the Godfather Sonny Corleone
95%
Godfather's Consigliere Tom Hagen
78%
Unprepared Son of the Godfather Fredo
72%
Only Daughter of the Godfather Connie Corleone
64%
Protagonist's Wife Kay Adams
62%
Carries out Godfather's Dirty Work Luca Brasi
54%
Main Antagonist Emilio Barzini
53%
Closest Friend of the Godfather Clemenza
51%
Secondary Antagonist Virgil Sollozzo
49%
Famous Singer and Godson Johnny Fontane
42%
Married the Godfather's Daughter Carlo Rizzi
41%
Close Friend of the Godfather Tessio
41%
Corrupt Police Captain Captain McCluskey
33%
Hollywood Film Director Jack Woltz
25%
Wife of the Godfather Mama Corleone
20%
Good Natured Don Cuneo
4%
No matching quizzes found
Score Distribution
Percent of People with Each Score
Percentile by Number Answered
Your Score History
You have not taken this quiz